| 000 | 00552nam a2200169 i 4500 | ||
|---|---|---|---|
| 001 | 133982 | ||
| 003 | ES-MaACL | ||
| 005 | 20230906194555.0 | ||
| 007 | t| | ||
| 008 | 070904s1981 sp ||||1| spa d | ||
| 100 | 1 |
_aWang Hsiao-hsien. _9116049 |
|
| 245 | 1 | 0 |
_aResistencia de la juventud intelectual contra la tiranĂa en el continente chino / _cpor Wang Hsiao-hsien. |
| 260 |
_a[S.l.] : _bLiga Mundial Anticomunista, _c1981. |
||
| 300 |
_a31 p. ; _c19 cm. |
||
| 710 | 2 |
_aLiga Mundial Anticomunista. _95537 |
|
| 852 |
_aES-MaACL _j2111-F-24 _bR.101888 |
||
| 999 |
_c133982 _d133982 |
||